Famous women of the New Testament: (Record no. 5132)

000 -LEADER
fixed length control field 00686nam a2200193 a 4500
001 - CONTROL NUMBER
control field :::00002873$&:&@@
003 - CONTROL NUMBER IDENTIFIER
control field OkBaRHE
005 - DATE AND TIME OF LATEST TRANSACTION
control field 20000607103257.0
008 - FIXED-LENGTH DATA ELEMENTS--GENERAL INFORMATION
fixed length control field s1890 j 000 0 eng u
040 ## - CATALOGING SOURCE
Transcribing agency
100 1# - MAIN ENTRY--PERSONAL NAME
Personal name Wharton, Morton Bryan.
245 10 - TITLE STATEMENT
Title Famous women of the New Testament:
Remainder of title a series of popular lectures delivered in the First Baptist church, Montgomery, ALA.
260 ## - PUBLICATION, DISTRIBUTION, ETC. (IMPRINT)
Place of publication, distribution, etc New York, NY., :
Name of publisher, distributor, etc E. B. Treat
Date of publication, distribution, etc c1890
300 ## - PHYSICAL DESCRIPTION
Extent 340 p. : illus. ;
Dimensions 19 cm.
650 ## - SUBJECT ADDED ENTRY--TOPICAL TERM
Topical term or geographic name as entry element Bible New Testament
General subdivision Biography
650 ## - SUBJECT ADDED ENTRY--TOPICAL TERM
Topical term or geographic name as entry element Women of the Bible
942 ## - ADDED ENTRY ELEMENTS (KOHA)
Source of classification or shelving scheme
Koha item type Books
Copies
Barcode Shelving location Permanent Location Date acquired Source of classification or shelving scheme Withdrawn status Current Location Full call number Koha item type Copy number Not for loan Date last seen Lost status Damaged status Price effective from
2873General StacksRHEMA Bible Training College2010-04-14  RHEMA Bible Training CollegeBS 2445 .W487Books1 2018-03-08Missing 2010-04-14